MARC

LEADER 00000nam0a2200000 4500
001 259417
005 20231101233402.0
010 |a 5770500298 
035 |a (RuTPU)RU\TPU\book\282359 
090 |a 259417 
100 |a 20140508d1988 k y0rusy50 ca 
101 0 |a rus 
102 |a UA 
105 |a a z 001zy 
200 1 |a Комплексная переработка и использование перлитов  |f А. А. Крупа [и др.] 
210 |a Киев  |c Будiвельник  |d 1988 
215 |a 120 с.  |c ил. 
320 |a Библиогр.: с. 116-118. 
606 1 |a Перлит  |x Использование  |2 stltpush  |3 (RuTPU)RU\TPU\subj\48623  |9 67475 
610 1 |a переработка 
610 1 |a технология 
610 1 |a применение 
610 1 |a строительство 
610 1 |a перлитовые породы 
610 1 |a модифицирование 
675 |a 622.35  |v 3 
701 1 |a Крупа  |b А. А. 
701 1 |a Наседкин  |b В. В. 
701 1 |a Свидерский  |b В. А. 
701 1 |a Безорудько  |b О. В. 
801 1 |a RU  |b 63413507  |c 20140508 
801 2 |a RU  |b 63413507  |c 20150209  |g RCR 
942 |c BK